| 000 | 00957nam a2200229 a 4500 | ||
|---|---|---|---|
| 001 | 39758 | ||
| 003 | BD-RjUL | ||
| 005 | 20211209053043.0 | ||
| 008 | 160417s2010 bg a|||| |||| 00| 0 ben d | ||
| 020 |
_a984702020043 _c: TK. 130.00 |
||
| 035 | _a(BD-RjUL)39871 | ||
| 040 |
_aBD-RjUL _bben _cBD-RjUL |
||
| 041 | _aben | ||
| 082 |
_223 _a581.95492 _bPRI 2010 |
||
| 245 | 0 | 0 |
_aপৃ্তহিবী জিড়ে উদ্ভিদ = _bThe World of Plant / _cসম্পাদনায় আব্দুল্লাহ-আল-মামুন |
| 260 |
_aঢাকা : _bবিজ্ঞান একাডেমী, _c২০১০ |
||
| 300 |
_a৪৪ পৃ. : _bচিত্র ; _c২২ সেমি. |
||
| 650 |
_aউদ্ভিদ বিজ্ঞান _zবাংলাদেশ _9122469 |
||
| 650 |
_aBotany _zBangladesh _9122470 |
||
| 700 |
_aআব্দুল্লাহ-আল-মামুন, সম্পাদক _9122471 |
||
| 942 |
_2ddc _cBK |
||
| 999 |
_c39758 _d39758 |
||